Les frontieres de locean.

Bibliographic Details
Main Author: Bourcart, Jacques, 1891-1965
Format: Book
Language:French
Published: Paris : A. Michel, [1952]
Series:Sciences d'aujourd'hui.
Subjects:

MARC

Tag First Indicator Second Indicator Subfields
LEADER 00000cam a2200000 4500
001 in00000045451
005 20151007073104.0
008 800609s1952 fr a b 00000 fre
010 |a  53016752  
035 |a (OCoLC)06398811 
035 |9 AAE9102AM 
040 |a DLC  |c TXA  |d UtOrBLW 
049 |a TXAM  |c [239985] 
050 0 |a GB451  |b .B65 
082 0 |a 551.36  |a 551.35* 
092 |a 551.36  |b B767f 
100 1 |a Bourcart, Jacques,  |d 1891-1965. 
245 1 4 |a Les frontieres de locean. 
264 1 |a Paris :  |b A. Michel,  |c [1952] 
300 |a 317 pages :  |b illustrations ;  |c 20 cm. 
336 |a text  |b txt  |2 rdacontent 
337 |a unmediated  |b n  |2 rdamedia 
338 |a volume  |b nc  |2 rdacarrier 
490 1 |a Sciences d'aujourd'hui 
504 |a Includes bibliography. 
650 0 |a Coasts. 
650 0 |a Ocean. 
830 0 |a Sciences d'aujourd'hui. 
999 |a MARS 
999 f f |s 9c49ebc8-fa37-3043-b73a-52788b9c7f62  |i 37bc8732-b60d-3737-a5b6-6620dd5091c9  |t 0 
952 f f |p ric  |a Texas A&M University  |b Rellis Campus  |c Joint Library Facility  |d Remote Storage  |t 0  |e GB451 .B65  |h Library of Congress classification  |i unmediated -- volume  |m A14800951478 
998 f f |a GB451 .B65  |t 0  |l Remote Storage